00968cam a2200217 a 450000100100000000500170001000800410002704000250006808200170009310000390011024501200014926000830026930000340035265000280038665000320041470000340044604900090048095201200048995201260060999900150073500000437320200929151431.0041015s1954 enka 000 f eng d aDO-SdBNPbspacBNPHU a823.5bS977g1 aSwift, Jonathan,d1667-174591202310aGulliver's travels :binto several remote nations of the world /cJonathan Swift ; ilustración de Arthur Rackham. aLondres :bJ. M. Dent & Sons Ltd;aNew York :bE. P. Dutton & Co. Inc.,c1954. axiii, 210 p. :bil. ;c20 cm. 4aNovela irlandesa911511 4aLiteratura irlandesa9115121 aRackham, Arthur,eill.912879 aBNGR 001054708MOaGRbGRcHDd2009-07-21iLF1l0o823.5 S977gp4373-20r2020-06-25w2020-06-25y4ZPréstamo en sala 001053728MOaGRbGRcHDd2009-07-21iLF1l0o823.5 S977gp4373-30r2020-06-25te. 2w2020-06-25y4ZPréstamo en sala c4182d4182